Geography Quiz

Random Geography or City Quiz

Around the World in 60 Clicks Quiz Stats

 Plays Quiz Updated Oct 18, 2018

Support Sporcle.
Go Orange.
Score 0/63 Timer 16:00
6 Plays Today
% Correct
'I'M NOT DUMB!'
97.5%
'ABSOLUTELY!'
97.3%
'HECK YEAH!'
96.9%
Bern
86.7%
Paris
85.6%
Jakarta
84.4%
Sydney
83.9%
Tokyo
83.8%
Ulaanbaatar
83.7%
Kyiv
83.5%
St. Petersburg
83.3%
Taipei
83.2%
Prague
82.7%
New York
81.9%
Cleveland
81.2%
Washington D.C.
80.7%
Warsaw
80.5%
Anchorage
79.9%
Pyongyang
79.2%
Las Vegas
78.7%
Port-au-Prince
77.9%
Buenos Aires
77.8%
Bogotá
76.5%
Memphis
76.3%
Cape Town
75.5%
Addis Ababa
74%
Vatican City
73.3%
Quezon City
73.3%
Brasilia
73.2%
Vancouver
72.9%
Edmonton
72.7%
Hong Kong
72.6%
% Correct
Tunis
72.6%
Giza
72.4%
Auckland
72.4%
Lima
71.8%
Munich
71.4%
Kingston
71.5%
Detroit
71.2%
Panama City
70.9%
Venice
70.8%
London
70.8%
Lisbon
70.4%
Cannes
70.3%
Bordeaux
70.2%
Nairobi
69.3%
Athens
69%
Tirana
68.8%
Tripoli
67.6%
Khartoum
67.5%
La Paz
67.4%
Miami
65.4%
Cardiff
63.5%
Pamplona
62%
Orlando
61%
Los Angeles
58.8%
Nassau
58.7%
Madrid
58.2%
Havana
56.7%
Barcelona
53.8%
Florence
52.8%
Lhasa
49.7%
Palermo
48.9%

You're not logged in!

Compare scores with friends on all Sporcle quizzes.
OR
Log In

From the Vault

Remove Ads.
Support Sporcle.
Get the best of Sporcle when you Go Orange. This ad-free experience offers more features, more stats, and more fun while also helping to support Sporcle. Thank you for becoming a member.

Show Comments

Extras

Top Quizzes Today


Score Distribution

Your Account Isn't Verified!

In order to create a playlist on Sporcle, you need to verify the email address you used during registration. Go to your Sporcle Settings to finish the process.

Report this User

Report this user for behavior that violates our Community Guidelines.

Details: